Pakistan ka naya siyasi nizam aur maqami hukumaton ka kirdar (Record no. 63553)
[ view plain ]
| 000 -LEADER | |
|---|---|
| fixed length control field | 00992cam a22003137a 4500 |
| 001 - CONTROL NUMBER | |
| control field | 13312536 |
| 003 - CONTROL NUMBER IDENTIFIER | |
| control field | NUST - PNEC |
| 005 - DATE AND TIME OF LATEST TRANSACTION | |
| control field | 20170116180817.0 |
| 008 - FIXED-LENGTH DATA ELEMENTS--GENERAL INFORMATION | |
| fixed length control field | 030130s2002 pk a 000 0 urdo |
| 010 ## - LIBRARY OF CONGRESS CONTROL NUMBER | |
| LC control number | 2003340039 |
| 020 ## - INTERNATIONAL STANDARD BOOK NUMBER | |
| International Standard Book Number | 9698455051 |
| 025 ## - OVERSEAS ACQUISITION NUMBER | |
| Overseas acquisition number | P-U-2003340039; 08 |
| 035 ## - SYSTEM CONTROL NUMBER | |
| System control number | 2003340039 |
| 040 ## - CATALOGING SOURCE | |
| Original cataloging agency | DLC |
| Transcribing agency | LIBRARY |
| 042 ## - AUTHENTICATION CODE | |
| Authentication code | lcode |
| 082 ## - DEWEY DECIMAL CLASSIFICATION NUMBER | |
| Classification number | 320.95491 SAL |
| 100 1# - MAIN ENTRY--PERSONAL NAME | |
| Personal name | Salman Abid |
| 9 (RLIN) | 3726 |
| 245 10 - TITLE STATEMENT | |
| Title | Pakistan ka naya siyasi nizam aur maqami hukumaton ka kirdar |
| Statement of responsibility, etc. | Salman Abid |
| 250 ## - EDITION STATEMENT | |
| Edition statement | Ishāʻat 2. |
| 260 ## - PUBLICATION, DISTRIBUTION, ETC. | |
| Place of publication, distribution, etc. | Lahore |
| Name of publisher, distributor, etc. | Jumhuri Pablīkeshanz, |
| Date of publication, distribution, etc. | 2002. |
| 300 ## - PHYSICAL DESCRIPTION | |
| Extent | 159 p. : |
| Other physical details | ill. ; |
| Dimensions | 22 cm. |
| 500 ## - GENERAL NOTE | |
| General note | In Urdu. |
| 520 ## - SUMMARY, ETC. | |
| Summary, etc. | Study of the local government in Paksitan and role of women in this system; incudes short historical background. |
| 650 ## - SUBJECT ADDED ENTRY--TOPICAL TERM | |
| General subdivision | General |
| 653 0# - INDEX TERM--UNCONTROLLED | |
| Uncontrolled term | politics; |
| -- | Pakistan; |
| 906 ## - LOCAL DATA ELEMENT F, LDF (RLIN) | |
| a | 7 |
| b | cbc |
| c | origode |
| d | 4 |
| e | ncip |
| f | 20 |
| g | y-gencatlg |
| 942 ## - ADDED ENTRY ELEMENTS (KOHA) | |
| Source of classification or shelving scheme | |
| Koha item type | Book |
| Withdrawn status | Lost status | Source of classification or shelving scheme | Damaged status | Not for loan | Permanent Location | Current Location | Shelving location | Date acquired | Source of acquisition | Cost, normal purchase price | Total Checkouts | Full call number | Barcode | Date last seen | Cost, replacement price | Price effective from | Koha item type |
|---|---|---|---|---|---|---|---|---|---|---|---|---|---|---|---|---|---|
| Pakistan Navy Engineering College (PNEC) | Pakistan Navy Engineering College (PNEC) | 05/29/2005 | Royal Books | 150.00 | 320.95491 SAL | PNECLIB-026901 | 05/29/2015 | 150.00 | 05/29/2005 | Book |
